Tìm hiểu lý luận văn học phương Tây hiện đại

NV Văn học phương Tây

Uloženo v:
Podrobná bibliografie
Hlavní autor: Phương, Lựu
Médium: Kniha
Jazyk:Undetermined
Vydáno: H. Giáo dục 1995
Témata:
On-line přístup:http://lrc.tdmu.edu.vn/opac/search/detail.asp?aID=2&ID=6639
Tagy: Přidat tag
Žádné tagy, Buďte první, kdo otaguje tento záznam!
Thư viện lưu trữ: Trung tâm Học liệu Trường Đại học Thủ Dầu Một
LEADER 00712nam a2200205Ia 4500
001 TDMU_6639
008 210410s9999 xx 000 0 und d
082 |a 809 
090 |b PH561 
100 |a Phương, Lựu 
245 0 |a Tìm hiểu lý luận văn học phương Tây hiện đại 
245 0 |c Phương Lựu 
260 |a H. 
260 |b Giáo dục 
260 |c 1995 
300 |a 284tr 
520 |a NV Văn học phương Tây 
650 |a Lý luận văn học; Văn học phương tây; Nghiên cứu văn học 
856 |u http://lrc.tdmu.edu.vn/opac/search/detail.asp?aID=2&ID=6639 
980 |a Trung tâm Học liệu Trường Đại học Thủ Dầu Một